000 00439nam a22001697a 4500
003 OSt
008 210520b ||||| |||| 00| 0 eng d
020 _a9789390564705
082 _a004.076
_bSIG
100 _aSINGH,B
245 _aGate 2022 Previous Solved Papers Throughly Revised and Updateed Computer Science and IT
250 _a15th
260 _aNew Delhi
_bMade Easy
_c2021
300 _a755
700 _aMCA
942 _2ddc
_cBK
999 _c10644
_d10644